00594nam a22001937a 4500003000400000020001800004082001800022100001700040245007500057260003800132300000800170650002400178653002400202700001600226700001800242942001200260952011100272999001700383SGT a9786206153009 a617.645bM23V aVaid, Parika aManagement of Non-Pitted White Spot Lesions on Young Permanent Incisor bLambert Academic Publishingc2023 a109 aPediatric Dentistry aPediatric Dentistry aGupta, Anil aDogra, Shikha 2ddccBK 00102ddc405171aFDbFDd2023-05-01iSGTUl0o617.645 M23VpFD8975r2023-05-01 00:00:00w2023-05-01yBK c23901d23901